banner koha

Ácido giberélico na germinação de sementes e desenvolvimento inicial de plântulas de mamoeiro (Registro n. 9309)

MARC details
000 -LÍDER
fixed length control field 04332nab a2200313 i 4500
003 - CÓDIGO MARC DA AGÊNCIA CATALOGADORA
Campo de controle BR-BrBNA
005 - DATA E HORA DA ÚLTIMA ATUALIZAÇÃO
Campo de controle 20230824080658.0
008 - CAMPO DE TAMANHO FIXO
fixed length control field 230605b2021 bl.ar|pooa||| 00| 0 por |
040 ## - FONTE DA CATALOGAÇÃO
Agência catalogadora BR-BrBNA
Idioma da catalogação por
072 ## - CATEGORIA AGRIS
Código AGRIS F03
Código do objeto 1122
072 ## - CATEGORIA AGRIS
Código AGRIS F02
100 ## - ENTRADA PRINCIPAL - NOME PESSOAL
Nome pessoal Paixão, Marcus Vinicius Sandoval
100 ## - ENTRADA PRINCIPAL - NOME PESSOAL
Nome pessoal Grobério, Rafaela Barreto Cazaroto
100 ## - ENTRADA PRINCIPAL - NOME PESSOAL
Nome pessoal Hoffay, Ana Cecília Nepomuceno
100 ## - ENTRADA PRINCIPAL - NOME PESSOAL
Nome pessoal Correa, Angélica Couto
100 ## - ENTRADA PRINCIPAL - NOME PESSOAL
Nome pessoal Cremonini, Gustavo Miranda
245 ## - TÍTULO PRINCIPAL
Título principal Ácido giberélico na germinação de sementes e desenvolvimento inicial de plântulas de mamoeiro
500 ## - NOTA GERAL
Nota geral Publicação on-line; 20 ref.; 2 tables; 7 illus.; Summaries (En, Pt)
942 ## - ADDED ENTRY ELEMENTS (KOHA)
Koha item type
520 ## - NOTA DE RESUMO
Nota de conteúdo <br/><br/>As sementes de mamão apresentam dormência pós-colheita dificultando a propagação. Métodos para superar<br/>a dormência destas sementes têm sido testados, com destaque para os reguladores de crescimento. Objetivou-se<br/>avaliar o efeito do ácido giberélico na germinação e desenvolvimento inicial de plântulas de mamoeiro. O experimento<br/>foi conduzido no Laboratório de Propagação de Plantas do Instituto Federal do Espírito Santo, Campus Santa<br/>Teresa com a variedade Formosa. As sementes foram imersas por 30 minutos em água pura como testemunha e em<br/>diferentes doses de ácido giberélico e submetidas aos tratamentos com solução de giberelina 1.000 mg L-1, 2.000 mg<br/>L-1, 3.000 mg L-1, 4.000 mg L-1, colocadas para germinar em papel Germitest®, em câmara tipo B.O.D. a 25°C, luminosidade<br/>12/12 horas. Durante 30 dias, foi avaliada a porcentagem de germinação; índice de velocidade de germinação;<br/>tempo médio de germinação. Após 60 dias do início da germinação da primeira semente, foram avaliadas: número de<br/>folhas; comprimento da raiz; altura da parte aérea; massa verde das folhas; massa seca das folhas; massa verde da<br/>raiz; massa seca da raiz, sendo selecionadas aleatoriamente para avaliação dez plantas por repetição em cada<br/>tratamento. O ácido giberélico respondeu positivamente na germinação das sementes e desenvolvimento das<br/>plântulas de mamoeiro, sendo que, a dosagem de GA3 2.000 mg L-1 pode ser recomendada para a cultura.<br/><br/>Palavras-chave: Mamão, dormência, reguladores.<br/><br/><br/>
520 ## - NOTA DE RESUMO
Nota de conteúdo Giberelic acid in seed germination and initial development of papaya seedlings.<br/><br/>Papaya seeds have postharvest dormancy, making sexual propagation difficult. Methods to overcome the dormancy<br/>of these seeds have been tested, with emphasis on the use of growth regulators. The objective was to evaluate the<br/>effect of gibberellic acid on the germination and initial development of papaya seedlings. The experiment was<br/>conducted at the Plant Propagation Laboratory of the IFES Campus Santa Teresa with the beautiful variety. The<br/>seeds were immersed for 30 minutes in natural water and different doses of gibberellic acid, and submitted to<br/>treatments gibberellin solution 1,000 mg L-1, 2,000 mg L-1, 3,000 mg L-1, 4,000 mg L-1, placed to germinate on germitest<br/>paper, BOD chamber at 25°C, brightness 12/12 hours. For thirty days, the germination percentage was evaluated;<br/>germination speed index; average germination time. Sixty days after germination of the first seed, the following<br/>were evaluated: number of leaves; root length; aerial part height; green leaf mass; dry leaf mass; green root mass;<br/>dry root mass, with ten plants per replication being randomly selected for each treatment. Gibberellic acid responded<br/>positively in germination of seeds and development of papaya seedlings, and the dosage of GA3 2,000 mg L-1 can<br/>be recommended for culture.<br/><br/>Key words: Papaya, numbness, regulators.
650 ## - ASSUNTO - THESAGRO
Cabeçalho tópico ou nome geográfico MAMÃO
650 ## - ASSUNTO - THESAGRO
Cabeçalho tópico ou nome geográfico DORMÊNCIA
650 ## - ASSUNTO - THESAGRO
Cabeçalho tópico ou nome geográfico REGULADOR DE CRESCIMENTO
773 0# - ENTRADA ANALÍTICA
Host Biblionumber 1823
Registro do item 25140
Imprenta Itabuna-BA Comissão Executiva do Plano de Lavoura Cacaueira 1989
Outro identificador 2023-435719
Título Agrotrópica (Brazil)
ISSN 0103-3816
Colação v. 33(2) p. 143-148; (May-Aug 2021)
Número de controle de registro BR2023000620
856 ## - ACESSO E ENDEREÇO ELETRÔNICO
Identificador uniforme de recurso - URI https://www.gov.br/agricultura/pt-br/assuntos/ceplac/publicacoes/revista-agrotropica/artigos/2021/copy_of_01033816.2021v33n2p143148.pdf
856 ## - ACESSO E ENDEREÇO ELETRÔNICO
Identificador uniforme de recurso - URI https://www.gov.br/agricultura/pt-br/assuntos/ceplac/publicacoes/revista-agrotropica/revista-volumes/2000-a-2010/RevistaAgrotropicaVol.33n22021.pdf

Nenhum exemplar disponível.

BINAGRI

Telefone: (61)3218-2567/2388/3357/2097 - binagri@agro.gov.br

Ministério da Agricultura e Pecuária , Esplanada dos Ministérios, Bloco D, Anexo B, Brasília/DF, CEP: 70.043-900